Statistics for the office quiz

Click here to take the quiz!

General Stats

  • This quiz has been taken 122 times
  • The average score is 5 of 12

Answer Stats

Hint Answer % Correct
who michael dresses up as on christmas when phyllis is santajesus
88%
security guardhank
77%
what does david wallace's son playdrums
74%
________ by janserenity
69%
how michael plans to proposefire
47%
where does moze poopouthouse
43%
how old do they guess michael is46
42%
album by jans assistantthe hunted
36%
disney character michael dry cleanswoody
28%
when angela goes to sleep8:30
26%
kevins new "fashion"hair piece
12%
what is dwightignorant slut
3%

Score Distribution

Percentile by Number Answered

Percent of People with Each Score

Your Score History

You have not taken this quiz